01092nam a2200253Ia 4500001000700000008004100007035001400048041000800062084001300070110008600083245027100169260008700440300003700527490004500564650002500609650001100634650001300645650002500658650002600683650001200709650001300721710002900734710007500763000948221003s1989 xx 000 0 spa d aCENDO_598 aspa aCD-01049 aESPAÑAbMinisterio de Trabajo y Seguridad SocialbDirección General de Empleo 0a plan F.I.P. 1985-1989 :bayudas solicitadas por España al Fondo Social Europeo 1990-1993 : informes presentados a la comisión Delegada del Gobierno para asuntos económicos el 5 de octubre de 1989 /c[informe elaborado por la Dirección General de Empleo] aMadrid :bMinisterio de Trabajo y Seguridad Social, Centro de Publicaciones,c1989 a51 p. : gráf., tab. ;c 30 cm a formación profesional en España aCUADROS ESTADISTICOS aEMPLEO aESPAÑA aFONDO SOCIAL EUROPEO aFORMACION PROFESIONAL aINFORME aPLAN FIP aESPAÑAbPlan FIPd1989 aESPAÑAbPlan Nacional de Formación e Inserción Profesionald1989